000 00293nam a22000977a 4500
082 _a05657.3PUM
100 _aFUMBUKA A,L G
245 _astudy guide for advanced consolidated accounts monograph
260 _aDar es salaam
_bnational board of accountants and auditors Tanzania
_c1989
942 _cBK
999 _c18875
_d18875